[Event "Moscow Open 2007"]
[Site "Moscow"]
[Date "2007.01.31"]
[Round "5"]
[White "Rjabzev, Konstantin"]
[Black "Yuzhakov, Oleg"]
[Result "1/2-1/2"]
[WhiteElo "2387"]
[BlackElo "2221"]
[PlyCount "76"]
[EventDate "2007.??.??"]

1. e4 e6 2. d4 d5 3. Nd2 c5 4. exd5 Qxd5 5. Ngf3 cxd4 6. Bc4 Qd6 7. O-O Nf6 8.
Nb3 Nc6 9. Nbxd4 Nxd4 10. Qxd4 Qxd4 11. Nxd4 Bd7 12. c3 Rc8 13. Be2 Bc5 14. Nb3
Bb6 15. a4 a5 16. Nd2 O-O 17. Nc4 Bc7 18. Rd1 Nd5 19. Ne3 Nb6 20. Bb5 Rfd8 21.
Bxd7 Rxd7 22. Rxd7 Nxd7 23. Kf1 Nb6 24. Bd2 Be5 25. Ke2 f5 26. h3 f4 27. Ng4
Bd6 28. b3 Nd7 29. f3 Nc5 30. Rb1 Rc6 31. Nf2 e5 32. c4 Bc7 33. Nd3 Nxd3 34.
Kxd3 Rg6 35. Rg1 Kf7 36. c5 Rc6 37. Rc1 Rg6 38. Rg1 Rc6 1/2-1/2

[Event "Moscow Open 2007"]
[Site "Moscow"]
[Date "2007.01.31"]
[Round "5"]
[White "Babushkin, Eduard"]
[Black "Gorbatov, Alexej"]
[Result "0-1"]
[WhiteElo "2170"]
[BlackElo "2385"]
[PlyCount "74"]
[EventDate "2007.??.??"]

1. d4 c5 2. d5 f5 3. c4 g6 4. Nc3 Bg7 5. g3 Bxc3+ 6. bxc3 Nf6 7. Bg2 Qa5 8. Bd2
d6 9. Qb3 Nbd7 10. Nh3 Nb6 11. Nf4 Qa4 12. Qxa4+ Nxa4 13. Ne6 Bxe6 14. dxe6 Ne4
15. f3 Nf6 16. Bg5 O-O-O 17. Bxf6 exf6 18. f4 Nxc3 19. Rc1 Ne4 20. g4 Kc7 21.
gxf5 gxf5 22. Bh3 d5 23. Bxf5 Nd6 24. Bd3 dxc4 25. Bxc4 Kc6 26. e3 Rhe8 27. Bb3
b5 28. Ke2 c4 29. Bc2 Rxe6 30. Bxh7 f5 31. Rcg1 Rh6 32. Bg8 Re8 33. Rg7 Rh3 34.
Rd1 Rxh2+ 35. Kf3 Rxg8 36. Rxg8 Ne4 37. Rg2 Rh3+ 0-1

[Event "Moscow Open 2007"]
[Site "Moscow"]
[Date "2007.01.31"]
[Round "5"]
[White "Potapov, Pavel"]
[Black "Semenova, Irina"]
[Result "1-0"]
[WhiteElo "2380"]
[BlackElo "2218"]
[PlyCount "55"]
[EventDate "2007.??.??"]

1. e4 e5 2. Nf3 Nc6 3. Bb5 a6 4. Ba4 d6 5. c3 g6 6. O-O Bg7 7. d4 Bd7 8. dxe5
dxe5 9. Qe2 Nge7 10. Rd1 O-O 11. Bg5 Qe8 12. Bc2 Kh8 13. Nbd2 h6 14. Be3 b6 15.
Nc4 Ng8 16. a4 a5 17. Rab1 Bg4 18. h3 Bc8 19. b4 Qe7 20. b5 Nd8 21. Nfxe5 Kh7
22. Bd4 Ne6 23. Nc6 Qg5 24. Be3 Qh4 25. N4e5 Nf6 26. Nf3 Qh5 27. e5 Nd7 28.
Ng5+ 1-0

[Event "Moscow Open 2007"]
[Site "Moscow"]
[Date "2007.01.31"]
[Round "5"]
[White "Soltanici, Ruslan"]
[Black "Metlyakhin, Dmitry"]
[Result "1/2-1/2"]
[WhiteElo "2372"]
[BlackElo "2199"]
[PlyCount "100"]
[EventDate "2007.??.??"]

1. e4 e5 2. Nf3 Nc6 3. Bb5 Bc5 4. O-O Nd4 5. Nxd4 Bxd4 6. c3 Bb6 7. d4 c6 8.
Ba4 d6 9. dxe5 dxe5 10. Qh5 Qf6 11. Nd2 Bc7 12. Bb3 Qg6 13. Qf3 Nf6 14. h3 O-O
15. Re1 Be6 16. Nf1 Nh5 17. Be3 Bb6 18. Red1 Rad8 19. Bxe6 fxe6 20. Rxd8 Rxd8
21. Bxb6 axb6 22. Rd1 Rxd1 23. Qxd1 h6 24. Qd8+ Kh7 25. Qxb6 Nf4 26. Ng3 Qg5
27. Qe3 h5 28. Qf3 g6 29. Nf1 Qd8 30. Kh2 Kg7 31. g3 Nd3 32. Qd1 c5 33. Ne3 b5
34. b3 b4 35. cxb4 Qd4 36. b5 Qxe4 37. Kg1 c4 38. bxc4 Qd4 39. b6 e4 40. Qb1
Qf6 41. Nd1 h4 42. g4 Qf3 43. b7 Nf4 44. Qb2+ Kh7 45. Ne3 Nxh3+ 46. Kf1 Nf4 47.
Kg1 Nh3+ 48. Kf1 Nf4 49. Kg1 Nh3+ 50. Kf1 Nf4 1/2-1/2

[Event "Moscow Open 2007"]
[Site "Moscow"]
[Date "2007.01.31"]
[Round "5"]
[White "Gingold, Anton"]
[Black "Kachar, Vladimir"]
[Result "0-1"]
[WhiteElo "2079"]
[BlackElo "2364"]
[PlyCount "116"]
[EventDate "2007.??.??"]

1. e4 c5 2. Nf3 Nc6 3. d4 cxd4 4. Nxd4 g6 5. Nc3 Bg7 6. Be3 Nf6 7. Bc4 O-O 8.
Bb3 Qa5 9. f3 d6 10. Qd2 Nxd4 11. Bxd4 Be6 12. O-O Nd7 13. Rad1 Rfc8 14. Kh1
Bxd4 15. Qxd4 Qc5 16. Qd2 Nf6 17. f4 Bxb3 18. axb3 b5 19. Qe1 b4 20. Nd5 Nxd5
21. exd5 Rc7 22. Rd2 a5 23. f5 a4 24. bxa4 Rxa4 25. Qe4 Qb5 26. Qf3 f6 27. Re1
b3 28. cxb3 Rb4 29. Rd3 Rf4 30. Qxf4 Qxd3 31. fxg6 hxg6 32. Qa4 Kf7 33. Qa8 Qe3
34. Rf1 Rc1 35. Qa6 Qd2 36. h3 Rc2 37. Rg1 Qxd5 38. Qa3 Qd2 39. Qa8 Kg7 40. Qe4
Qe2 41. Qxe2 Rxe2 42. Rb1 Re3 43. b4 Rb3 44. Kg1 d5 45. Kf2 d4 46. b5 e5 47.
Ke2 Kf7 48. Kd2 Ke6 49. Kc2 Rxb5 50. b3 e4 51. Ra1 Ke5 52. g3 Rc5+ 53. Kd2 e3+
54. Ke2 Ke4 55. Ra4 Rc2+ 56. Kd1 Rb2 57. b4 d3 58. b5+ Kf3 0-1

[Event "Moscow Open 2007"]
[Site "Moscow"]
[Date "2007.01.31"]
[Round "5"]
[White "Zemtsov, Igor"]
[Black "Lelekova, Olga"]
[Result "1-0"]
[WhiteElo "2364"]
[BlackElo "2184"]
[PlyCount "47"]
[EventDate "2007.??.??"]

1. d4 Nf6 2. Bg5 d6 3. Nd2 Nbd7 4. e4 e5 5. c3 Be7 6. Ngf3 O-O 7. Bd3 c6 8. O-O
Qc7 9. Re1 Re8 10. a4 Nf8 11. h3 Ng6 12. a5 h6 13. Be3 Bf8 14. Qc2 Nh5 15. Bf1
Nhf4 16. b4 exd4 17. cxd4 d5 18. b5 dxe4 19. Nxe4 Nd5 20. bxc6 Nb4 21. Qb1 Qxc6
22. Nc5 Bxc5 23. dxc5 Qe4 24. Bd2 1-0

[Event "Moscow Open 2007"]
[Site "Moscow"]
[Date "2007.01.31"]
[Round "5"]
[White "Okara, Andrey"]
[Black "Yuganova, Marina"]
[Result "1-0"]
[WhiteElo "2358"]
[BlackElo "1900"]
[PlyCount "47"]
[EventDate "2007.??.??"]

1. e4 c5 2. Nf3 d6 3. d4 cxd4 4. Nxd4 Nf6 5. Nc3 g6 6. Be3 Bg7 7. f3 O-O 8. Qd2
Nc6 9. O-O-O Nxd4 10. Bxd4 Be6 11. Kb1 Rc8 12. g4 Bc4 13. g5 Nh5 14. Bxg7 Nxg7
15. Bxc4 Rxc4 16. e5 Nf5 17. exd6 Nxd6 18. h4 Qc8 19. h5 Qf5 20. Nd5 Re8 21.
Ne3 Qxf3 22. Nxc4 Nxc4 23. Qd4 Rc8 24. Qd8+ 1-0

[Event "Moscow Open 2007"]
[Site "Moscow"]
[Date "2007.01.31"]
[Round "5"]
[White "Kuzin, Anton"]
[Black "Musakaev, Emil"]
[Result "1-0"]
[WhiteElo "2459"]
[BlackElo "2268"]
[PlyCount "71"]
[EventDate "2007.??.??"]

1. f4 d5 2. Nf3 Nf6 3. b3 g6 4. Bb2 Bg7 5. e3 O-O 6. Be2 c5 7. O-O b6 8. Qe1
Bb7 9. Qh4 Nc6 10. d3 d4 11. e4 e5 12. fxe5 Nd7 13. e6 Qxh4 14. exf7+ Rxf7 15.
Nxh4 Rxf1+ 16. Kxf1 Rf8+ 17. Ke1 Bh6 18. Na3 Nde5 19. Bc1 Be3 20. Nf3 Ng4 21.
Nc4 Nb4 22. Bd1 Bxc1 23. Rxc1 Nxa2 24. Ra1 Nc3 25. Rxa7 Bc8 26. h3 Nxd1 27.
Kxd1 Nf2+ 28. Ke2 b5 29. Kxf2 bxc4 30. bxc4 Be6 31. Rc7 Rc8 32. Rxc8+ Bxc8 33.
Nd2 Kf7 34. Nb3 Ke6 35. Nxc5+ Ke5 36. Nb3 1-0

[Event "Moscow Open 2007"]
[Site "Moscow"]
[Date "2007.01.31"]
[Round "5"]
[White "Loginov, Anton"]
[Black "Khruschiov, Alexey"]
[Result "1/2-1/2"]
[WhiteElo "2243"]
[BlackElo "2456"]
[PlyCount "113"]
[EventDate "2007.??.??"]

1. d4 Nf6 2. c4 e6 3. Nf3 Bb4+ 4. Nbd2 O-O 5. g3 Re8 6. Bg2 d5 7. O-O Nc6 8.
Qc2 e5 9. cxd5 Nxd5 10. dxe5 Bg4 11. Rd1 Nxe5 12. h3 Nxf3+ 13. Nxf3 Bxf3 14.
Bxf3 c6 15. a3 Ba5 16. b4 Bb6 17. Kg2 Qe7 18. b5 Rac8 19. bxc6 bxc6 20. Bb2 Qe3
21. fxe3 Nxe3+ 22. Kh1 Nxc2 23. Rac1 Ne3 24. Rd7 c5 25. Bc3 Red8 26. Bg4 Nxg4
27. Rxd8+ Rxd8 28. hxg4 Re8 29. a4 Rxe2 30. a5 Bc7 31. Rd1 Re7 32. g5 h5 33.
gxh6 gxh6 34. Rd5 Bxg3 35. Rd8+ Kh7 36. Rh8+ Kg6 37. Rg8+ Kf5 38. Rxg3 Ke4 39.
Rh3 Re6 40. Kg2 f5 41. Kf2 f4 42. Rh5 c4 43. Be1 Rc6 44. Rh3 h5 45. Ke2 Rc5 46.
Bc3 a6 47. Bd2 Re5 48. Rc3 Rc5 49. Rf3 Rf5 50. Be1 Rg5 51. Rh3 Rf5 52. Kf2 Re5
53. Bc3 Rg5 54. Be1 Rf5 55. Rc3 Kd4 56. Rf3 Rb5 57. Bd2 1/2-1/2

[Event "Moscow Open 2007"]
[Site "Moscow"]
[Date "2007.01.31"]
[Round "5"]
[White "Reprintsev, Alexander"]
[Black "Viliavin, Roman"]
[Result "1-0"]
[WhiteElo "2415"]
[BlackElo "2263"]
[PlyCount "96"]
[EventDate "2007.??.??"]

1. e4 c5 2. b3 Nc6 3. Bb2 d6 4. f4 Nf6 5. Qf3 e5 6. Bb5 Bd7 7. Ne2 Nd4 8. Nxd4
cxd4 9. Bxd7+ Qxd7 10. c3 Qc6 11. d3 dxc3 12. Nxc3 Be7 13. Rc1 Rc8 14. Ne2 Qd7
15. Rxc8+ Qxc8 16. fxe5 dxe5 17. Bxe5 Bb4+ 18. Kd1 Be7 19. Kd2 O-O 20. Rc1 Qe6
21. Bb2 Rd8 22. Nd4 Qe5 23. Qf5 Qxh2 24. Ne2 Qh6+ 25. Kc2 Qe3 26. Nf4 Qc5+ 27.
Qxc5 Bxc5 28. Bxf6 gxf6 29. Nd5 f5 30. Kd2 b6 31. Rc4 fxe4 32. Nf6+ Kg7 33.
Nxe4 Bd6 34. Ke3 Bb8 35. Rc6 Re8 36. Kd4 f5 37. Ng5 Re2 38. Rc8 Bf4 39. Nf3
Rxg2 40. a4 Bg3 41. Ra8 a5 42. Ra7+ Kg6 43. Rb7 Bf2+ 44. Kd5 h6 45. d4 Rg3 46.
Rxb6+ Kh5 47. Ne5 Rg1 48. Rf6 Bh4 1-0

[Event "Moscow Open 2007"]
[Site "Moscow"]
[Date "2007.01.31"]
[Round "5"]
[White "Charochkina, Daria"]
[Black "Erendzhenov, Stanislav"]
[Result "1-0"]
[WhiteElo "2235"]
[BlackElo "2405"]
[PlyCount "109"]
[EventDate "2007.??.??"]

1. e4 c5 2. Nf3 d6 3. d4 cxd4 4. Nxd4 Nf6 5. Nc3 a6 6. f4 Qc7 7. a4 g6 8. Nf3
Nbd7 9. Bd3 Bg7 10. O-O O-O 11. Kh1 Nc5 12. Qe1 Nxd3 13. cxd3 Qa5 14. d4 Be6
15. Bd2 Bc4 16. Nd5 Qd8 17. Ba5 b6 18. Nxb6 Bxf1 19. Qxf1 Nd7 20. Nc4 Qb8 21.
Qe2 Qb7 22. Bc3 Nf6 23. Nfd2 Bh6 24. Rf1 Rab8 25. d5 Qd7 26. b3 Qg4 27. Qf2 Nh5
28. g3 Qh3 29. Qf3 Rfc8 30. Bd4 Bg7 31. e5 f5 32. Re1 dxe5 33. fxe5 h6 34. Bb6
Rf8 35. Bc5 Rfe8 36. Na5 Kh7 37. Nc6 Rb7 38. b4 Bf8 39. Nd4 Rd7 40. Nc4 f4 41.
g4 Qh4 42. Rd1 Ng7 43. Nb6 Rc7 44. Qxf4 Qh3 45. Nf3 a5 46. Kg1 axb4 47. Rd3 Kg8
48. Qxb4 Rd8 49. a5 Ne6 50. Ne1 Qh4 51. Bf2 Qg5 52. dxe6 Rxd3 53. Nxd3 Bg7 54.
h4 Rc1+ 55. Kg2 1-0

[Event "Moscow Open 2007"]
[Site "Moscow"]
[Date "2007.01.31"]
[Round "5"]
[White "Skurikhin, Dmitrij"]
[Black "Airapetian, Tatevik"]
[Result "1-0"]
[WhiteElo "2401"]
[BlackElo "2245"]
[PlyCount "45"]
[EventDate "2007.??.??"]

1. d4 Nf6 2. Nf3 e6 3. c4 c5 4. d5 exd5 5. cxd5 d6 6. Nc3 g6 7. e4 Bg7 8. h3 a6
9. Bd3 b5 10. a3 O-O 11. O-O Nbd7 12. Bf4 Qb6 13. Re1 Nh5 14. Be3 Re8 15. Qd2
Qc7 16. Rac1 c4 17. Bc2 Nc5 18. e5 Bf8 19. g4 Ng7 20. Bxc5 Qxc5 21. Ne4 Qc7 22.
Nf6+ Kh8 23. Qh6 1-0

[Event "Moscow Open 2007"]
[Site "Moscow"]
[Date "2007.01.31"]
[Round "5"]
[White "Ostertag, Galina"]
[Black "Mongontuul, Bathuyag"]
[Result "0-1"]
[WhiteElo "2210"]
[BlackElo "2397"]
[PlyCount "88"]
[EventDate "2007.??.??"]

1. e4 c5 2. Nc3 Nc6 3. g3 g6 4. Bg2 Bg7 5. d3 d6 6. Be3 e6 7. Qd2 Nd4 8. Nd1
Ne7 9. c3 Ndc6 10. Bh6 O-O 11. Bxg7 Kxg7 12. Ne2 d5 13. exd5 Nxd5 14. d4 cxd4
15. Nxd4 Qf6 16. Nxc6 bxc6 17. O-O Ba6 18. Re1 Rab8 19. b3 Rfd8 20. Qb2 c5 21.
c4 Nb4 22. Re2 Rd4 23. Nc3 Nd3 24. Qc2 Rbd8 25. Rb1 Qe7 26. Ne4 Bb7 27. Qc3 f5
28. Nd2 Bxg2 29. Kxg2 Qf6 30. Nf3 R4d6 31. Qxf6+ Kxf6 32. Ne1 e5 33. Nc2 e4 34.
Ne3 f4 35. Ng4+ Kf5 36. Nh6+ Kg5 37. Nf7+ Kf6 38. Nxd6 f3+ 39. Kg1 fxe2 40.
Nxe4+ Kf5 41. f3 e1=Q+ 42. Rxe1 Nxe1 43. Nxc5 Rd2 44. Ne4 Nxf3+ 0-1

[Event "Moscow Open 2007"]
[Site "Moscow"]
[Date "2007.01.31"]
[Round "5"]
[White "Kremenietsky, Anatoly M"]
[Black "Girya, Olga"]
[Result "0-1"]
[WhiteElo "2389"]
[BlackElo "2235"]
[PlyCount "72"]
[EventDate "2007.??.??"]

1. d4 Nf6 2. c4 g6 3. Nc3 Bg7 4. e4 d6 5. h3 O-O 6. Nf3 e5 7. d5 a5 8. Be3 Na6
9. Be2 Nc5 10. Nd2 c6 11. a3 a4 12. Bxc5 dxc5 13. Nxa4 Nd7 14. Nc3 f5 15. O-O
Qh4 16. Nf3 Qe7 17. Nh2 Nf6 18. Bf3 Bd7 19. Qe2 Kh8 20. Rad1 cxd5 21. Nxd5 Nxd5
22. cxd5 Qd6 23. h4 Ra4 24. h5 gxh5 25. exf5 Bxf5 26. Bxh5 Re4 27. Qd2 Bh6 28.
Qc3 Rh4 29. Be2 Bf4 30. g3 Qh6 31. Bg4 Rxh2 32. Bxf5 Rxf5 33. Qf3 Rfh5 34. Qg4
Rg5 35. Qc8+ Rg8 36. Qe6 Bxg3 0-1

[Event "Moscow Open 2007"]
[Site "Moscow"]
[Date "2007.01.31"]
[Round "5"]
[White "Tjurin, Alexander P"]
[Black "Bacherikov, Vitaly"]
[Result "1/2-1/2"]
[WhiteElo "2344"]
[BlackElo "2209"]
[PlyCount "49"]
[EventDate "2007.??.??"]

1. e4 c6 2. d4 d5 3. Nc3 dxe4 4. Nxe4 Nf6 5. Ng5 Bf5 6. Bc4 e6 7. Ne2 Bd6 8.
Ng3 Bg6 9. O-O h6 10. Nf3 Nbd7 11. Re1 Qc7 12. Qe2 O-O 13. Ne5 Bh7 14. Bb3 c5
15. c3 cxd4 16. cxd4 Nb6 17. Bd2 Nbd5 18. Rac1 Qb6 19. Nc4 Qa6 20. Qf3 Rac8 21.
Nxd6 Qxd6 22. Nh5 Nxh5 23. Qxh5 Bf5 24. Qf3 Rfd8 25. Bxd5 1/2-1/2

[Event "Moscow Open 2007"]
[Site "Moscow"]
[Date "2007.01.31"]
[Round "5"]
[White "Vladimirov, Ivan"]
[Black "Isaev, Yuri"]
[Result "1-0"]
[WhiteElo "2191"]
[BlackElo "2343"]
[PlyCount "89"]
[EventDate "2007.??.??"]

1. e4 a6 2. d4 c5 3. d5 e6 4. Nc3 b5 5. d6 Bb7 6. e5 f6 7. Bd3 g6 8. f4 Bg7 9.
Nf3 Nh6 10. Be4 Qb6 11. a4 fxe5 12. fxe5 O-O 13. O-O Nc6 14. axb5 c4+ 15. Kh1
axb5 16. Rxa8 Bxa8 17. Bxh6 Bxh6 18. Qe1 b4 19. Ne2 Qe3 20. Ng3 Qxe1 21. Rxe1
c3 22. bxc3 bxc3 23. Bxc6 Bxc6 24. Ne4 Ra8 25. Nf6+ Kg7 26. Nd4 Bf4 27. Nxc6
dxc6 28. Nd7 Ra2 29. Nc5 Kf7 30. Rf1 Ke8 31. d7+ Ke7 32. Nxe6 Kxd7 33. Nxf4
Rxc2 34. Nd3 Re2 35. Rc1 c2 36. Ne1 Rxe5 37. Nxc2 c5 38. Kg1 Kd6 39. Kf2 Rf5+
40. Ke2 Rf8 41. Ne3 Re8 42. Rf1 Re7 43. Kd3 Ra7 44. Nc4+ Kd5 45. Rf6 1-0

[Event "Moscow Open 2007"]
[Site "Moscow"]
[Date "2007.01.31"]
[Round "5"]
[White "Demianjuk, Alexander"]
[Black "Arslanov, Shamil"]
[Result "0-1"]
[WhiteElo "2342"]
[BlackElo "2192"]
[PlyCount "130"]
[EventDate "2007.??.??"]

1. e4 e6 2. d4 d5 3. Nc3 Bb4 4. e5 c5 5. a3 Bxc3+ 6. bxc3 Ne7 7. Qg4 cxd4 8.
cxd4 Qc7 9. Bd2 Qxc2 10. Qxg7 Rg8 11. Qh6 Qb2 12. Rc1 Qxd4 13. Qxh7 Qxe5+ 14.
Ne2 Nbc6 15. Qd3 Qd6 16. Ng3 e5 17. h4 Bg4 18. Be2 Bxe2 19. Qxe2 Nd4 20. Qh5
Nec6 21. Be3 Ne6 22. Nf5 Qf8 23. O-O Ng7 24. Nxg7+ Qxg7 25. Bg5 Rd8 26. g3 Rd6
27. Rfd1 Qg6 28. Qf3 f6 29. Be3 Qg4 30. Qg2 d4 31. Bd2 Rd7 32. Bb4 Rh7 33. Rxc6
bxc6 34. Qxc6+ Rd7 35. Re1 Kf7 36. Re4 Qe6 37. Qc1 f5 38. Re2 e4 39. Rc2 e3 40.
Rc6 exf2+ 41. Kxf2 Qa2+ 42. Qc2 Qxc2+ 43. Rxc2 Ke6 44. Kf3 d3 45. Rc6+ Ke5 46.
Rc5+ Rd5 47. Rc1 a6 48. Bc3+ Ke6 49. Bd2 Kf7 50. h5 Re8 51. h6 Re2 52. Rc7+ Ke6
53. h7 Rh2 54. Ke3 Rd7 55. Rxd7 Kxd7 56. Kxd3 Rxh7 57. Ke3 Ke6 58. Kf4 Rg7 59.
Bb4 Rg4+ 60. Kf3 Rd4 61. Bf8 a5 62. Ke3 Rg4 63. Kf3 Rc4 64. Ke3 Rc8 65. Bg7 Rg8
0-1

[Event "Moscow Open 2007"]
[Site "Moscow"]
[Date "2007.01.31"]
[Round "5"]
[White "Pasalic, Kharun"]
[Black "Maslov, Mikhail"]
[Result "0-1"]
[WhiteElo "2197"]
[BlackElo "2336"]
[PlyCount "72"]
[EventDate "2007.??.??"]

1. Nf3 g6 2. g3 Bg7 3. Bg2 c5 4. O-O Nc6 5. c4 e6 6. e3 Nge7 7. d4 cxd4 8. Nxd4
Nxd4 9. exd4 d6 10. Nc3 O-O 11. d5 e5 12. c5 dxc5 13. Be3 Nf5 14. Bxc5 Re8 15.
d6 Bf8 16. Ne4 Bd7 17. Rc1 Bh6 18. Rc3 Re6 19. Bh3 b6 20. Ba3 Nd4 21. f4 f5 22.
fxe5 Nb5 23. Nf6+ Rxf6 24. exf6 Nxc3 25. Qb3+ Kf8 26. Qxc3 Bg5 27. Bg2 Rc8 28.
Qc7 Qe8 29. Qxa7 Rc1 30. Qb7 Qe3+ 31. Kh1 Rxf1+ 32. Bxf1 Bxf6 33. Qd5 Bd4 34.
Qg2 Bc6 35. d7+ Kg7 36. Bf8+ Kh8 0-1

[Event "Moscow Open 2007"]
[Site "Moscow"]
[Date "2007.01.31"]
[Round "5"]
[White "Morev, Ivan"]
[Black "Rozum, Ivan"]
[Result "0-1"]
[WhiteElo "2178"]
[BlackElo "2336"]
[PlyCount "120"]
[EventDate "2007.??.??"]

1. e4 c5 2. Nf3 e6 3. Nc3 a6 4. a4 Nc6 5. Be2 Nf6 6. O-O Qc7 7. d4 cxd4 8. Nxd4
Be7 9. Be3 O-O 10. f4 d6 11. Bf3 Re8 12. Qd2 Bd7 13. Qf2 Nxd4 14. Bxd4 Bc6 15.
a5 Nd7 16. b4 Rac8 17. Rfe1 Qb8 18. Rab1 Bf8 19. Nd1 Ba4 20. Nc3 Bc6 21. Nd1 e5
22. Ba7 Qa8 23. f5 Ba4 24. c3 Bxd1 25. Bxd1 Rxc3 26. Ba4 Rd8 27. Be3 Be7 28.
Bd2 Rcc8 29. g4 Nf6 30. g5 Nxe4 31. Rxe4 b5 32. Rh4 bxa4 33. f6 Bf8 34. fxg7
Bxg7 35. Rf1 Qd5 36. Qf5 Rc7 37. Qxh7+ Kf8 38. Be3 Rdd7 39. g6 Rc2 40. Rg4 Qe6
41. Rg3 f5 42. Bh6 f4 43. Rg5 Bxh6 44. Qh8+ Ke7 45. g7 Rd8 46. Qxd8+ Kxd8 47.
g8=Q+ Qxg8 48. Rxg8+ Kd7 49. b5 axb5 50. a6 Rc7 51. Rh8 Bg7 52. Rh7 Kc8 53. Rb1
e4 54. Kf1 a3 55. Rxg7 Rxg7 56. Rxb5 f3 57. Ra5 Kb8 58. Rxa3 Ka7 59. Ra5 e3 60.
Rf5 e2+ 0-1

[Event "Moscow Open 2007"]
[Site "Moscow"]
[Date "2007.01.31"]
[Round "5"]
[White "Kruchev, Boris"]
[Black "Ambartsumova, Karina"]
[Result "0-1"]
[WhiteElo "2328"]
[BlackElo "2179"]
[PlyCount "70"]
[EventDate "2007.??.??"]

1. d4 Nf6 2. c4 c5 3. d5 e5 4. g3 d6 5. Bg2 Be7 6. Nf3 O-O 7. O-O Ne8 8. e4 f5
9. Nc3 f4 10. gxf4 exf4 11. e5 dxe5 12. Nxe5 Bd6 13. Re1 Qg5 14. Nf3 Qh5 15.
Qe2 Bg4 16. Nb5 Nd7 17. Nxd6 Nxd6 18. Bd2 Rae8 19. Qd3 Bf5 20. Qb3 g5 21. Rxe8
Rxe8 22. Re1 Rxe1+ 23. Bxe1 g4 24. Nd2 Ne5 25. Qc3 Qe8 26. Bf1 Ne4 27. Qc1 Ng5
28. Kg2 Nef3 29. Nxf3 Qe4 30. Qd1 Nxf3 31. Bc3 Ng5+ 32. Kg1 Nh3+ 33. Bxh3 gxh3
34. f3 Qe3+ 35. Kh1 Bg4 0-1

[Event "Moscow Open 2007"]
[Site "Moscow"]
[Date "2007.01.31"]
[Round "5"]
[White "Kislov, Oleg"]
[Black "Romashko, Andrei"]
[Result "1/2-1/2"]
[WhiteElo "2324"]
[BlackElo "2177"]
[PlyCount "45"]
[EventDate "2007.??.??"]

1. e4 e5 2. Bc4 Nf6 3. d3 c6 4. Nf3 d5 5. Bb3 Bd6 6. Nc3 dxe4 7. Ng5 O-O 8.
Ncxe4 Nxe4 9. Nxe4 Bf5 10. O-O Bxe4 11. dxe4 Na6 12. Qg4 Qf6 13. Be3 Bc5 14.
Rad1 Rad8 15. Bg5 Bxf2+ 16. Rxf2 Rxd1+ 17. Qxd1 Qxg5 18. Qd7 h5 19. Rxf7 Rxf7
20. Qxf7+ Kh7 21. Qg8+ Kh6 22. Qh8+ Kg6 23. Qe8+ 1/2-1/2

[Event "Moscow Open 2007"]
[Site "Moscow"]
[Date "2007.01.31"]
[Round "5"]
[White "Fominykh, Maria"]
[Black "Davydenko, Andrey"]
[Result "1-0"]
[WhiteElo "2316"]
[BlackElo "2167"]
[PlyCount "57"]
[EventDate "2007.??.??"]

1. Nf3 Nf6 2. g3 g6 3. Bg2 Bg7 4. d4 O-O 5. O-O d6 6. c4 Nbd7 7. Nc3 e5 8. h3
Re8 9. e4 exd4 10. Nxd4 Nc5 11. Re1 Qe7 12. Rb1 c6 13. b4 Ne6 14. Nde2 Bd7 15.
Be3 Nh5 16. Qd2 f5 17. Rbd1 Bf8 18. c5 dxc5 19. exf5 Nd4 20. bxc5 Nxe2+ 21.
Rxe2 Qf6 22. g4 Ng7 23. Ne4 Rxe4 24. Bxe4 gxf5 25. Bc2 Be6 26. Bd4 Qf7 27. Bxg7
Kxg7 28. Qd4+ Kh6 29. Qe3+ 1-0

[Event "Moscow Open 2007"]
[Site "Moscow"]
[Date "2007.01.31"]
[Round "5"]
[White "Guseva, Marina"]
[Black "Savina, Anastasia"]
[Result "1-0"]
[WhiteElo "2305"]
[BlackElo "2153"]
[PlyCount "93"]
[EventDate "2007.??.??"]

1. d4 Nf6 2. c4 g6 3. Nc3 Bg7 4. e4 d6 5. Bd3 O-O 6. Nge2 e5 7. d5 Nbd7 8. h3
Nc5 9. Bc2 a5 10. Be3 c6 11. g4 cxd5 12. cxd5 Bd7 13. Ng3 b5 14. Qd2 Qb8 15. f3
b4 16. Nce2 a4 17. Kf2 Rc8 18. Nc1 Qb7 19. Nd3 Nxd3+ 20. Bxd3 Ne8 21. h4 b3 22.
a3 Nc7 23. Rac1 Nb5 24. Qb4 Rab8 25. Rxc8+ Rxc8 26. Rc1 Rxc1 27. Bxc1 Qc7 28.
Be3 Nd4 29. Ne2 Nxe2 30. Kxe2 Bf6 31. g5 Bd8 32. Qc4 Qxc4 33. Bxc4 Kf8 34. Ba6
h5 35. gxh6 Bxh4 36. Bb7 Bd8 37. Bc6 Bc8 38. Bxa4 Ba6+ 39. Kd1 Bc4 40. Bd7 Kg8
41. a4 f5 42. Bb5 Bxb5 43. axb5 fxe4 44. fxe4 Kh7 45. b6 g5 46. b7 Bc7 47. Bxg5
1-0

[Event "Moscow Open 2007"]
[Site "Moscow"]
[Date "2007.01.31"]
[Round "5"]
[White "Omariev, Maksim"]
[Black "Kedrov, Valery V"]
[Result "1/2-1/2"]
[WhiteElo "2153"]
[BlackElo "2300"]
[PlyCount "114"]
[EventDate "2007.??.??"]

1. e4 e5 2. Nf3 Nc6 3. Bb5 Nge7 4. c3 g6 5. d4 exd4 6. cxd4 d5 7. exd5 Nxd5 8.
O-O Bg7 9. Re1+ Be6 10. Qa4 O-O 11. Bxc6 bxc6 12. Qxc6 Nb4 13. Qc3 Nxa2 14. Qc5
Nxc1 15. Rxc1 Bd5 16. Nbd2 c6 17. Rxa7 Rxa7 18. Qxa7 Bh6 19. Rd1 Re8 20. Nf1
Re2 21. b4 Rb2 22. Ne5 Ra2 23. Qd7 Qh4 24. Ng3 Qf4 25. Qe8+ Bf8 26. Rf1 Qxd4
27. Nd7 Qxb4 28. Nf6+ Kh8 29. Nxd5 cxd5 30. Qe5+ Kg8 31. Qxd5 Rd2 32. Qe5 Qb2
33. Qxb2 Rxb2 34. Re1 h5 35. Kf1 Bb4 36. Rd1 Kg7 37. Ne2 Bc5 38. g3 h4 39. h3
Rb3 40. Kg2 Rb2 41. Kf1 hxg3 42. fxg3 Bb6 43. Rd3 Bc7 44. Kf2 Bb6+ 45. Kf3 f5
46. g4 fxg4+ 47. hxg4 Kh6 48. Nf4 Rf2+ 49. Kg3 Rf1 50. Rd6 Rxf4 51. Rxb6 Ra4
52. Rb3 Kg5 53. Rb5+ Kh6 54. Rb3 Kg5 55. Rb5+ Kh6 56. Rb3 Kg5 57. Rb5+ Kh6
1/2-1/2

[Event "Moscow Open 2007"]
[Site "Moscow"]
[Date "2007.01.31"]
[Round "5"]
[White "Idrisova, Roza"]
[Black "Zakurdjaeva, Irina"]
[Result "0-1"]
[WhiteElo "2109"]
[BlackElo "2296"]
[PlyCount "142"]
[EventDate "2007.??.??"]

1. d4 e6 2. Nf3 Nf6 3. c4 b6 4. g3 d5 5. Bg2 Be7 6. O-O O-O 7. cxd5 exd5 8. Nc3
c6 9. Ne5 Bf5 10. Bf4 Qc8 11. Rc1 Qb7 12. Re1 Rc8 13. e4 Be6 14. exd5 cxd5 15.
Qd3 Nc6 16. Nxc6 Rxc6 17. Bf1 a6 18. Na4 Ne4 19. Qb3 b5 20. Nc3 Rac8 21. Nb1
Bf6 22. Rxc6 Qxc6 23. Be3 Qb6 24. Qb4 Nd6 25. Nd2 a5 26. Qa3 Nc4 27. Nxc4 bxc4
28. Rd1 Rb8 29. Rd2 Qb4 30. Qc3 Qxc3 31. bxc3 Rb1 32. Kg2 h6 33. Re2 Bf5 34. f3
Ra1 35. Rb2 Kh7 36. h4 a4 37. g4 a3 38. Rb7 Rxa2+ 39. Kg3 Bg6 40. g5 hxg5 41.
hxg5 Bd8 42. Rd7 Ba5 43. Rxd5 Bxc3 44. Bxc4 Rc2 45. Bb3 Be1+ 46. Kf4 Rb2 47.
Bc4 a2 48. Bxa2 Rxa2 49. Rd7 Ra5 50. Rb7 Rf5+ 51. Kg4 Rd5 52. Rc7 Bf5+ 53. Kf4
Kg6 54. Rc6+ Be6 55. Rc5 Rxc5 56. dxc5 Bh4 57. Ke5 Bxg5 58. f4 Bf6+ 59. Ke4 Bd8
60. Bd4 f6 61. c6 Bc7 62. Bc5 f5+ 63. Ke3 Bd5 64. Be7 Bxc6 65. Bf8 Kf7 66. Bc5
Ke6 67. Bd4 g6 68. Bc5 Kd5 69. Be7 Bb6+ 70. Ke2 Ke4 71. Bg5 Be3 0-1

[Event "Moscow Open 2007"]
[Site "Moscow"]
[Date "2007.01.31"]
[Round "5"]
[White "Sveshnikov, Vladimir"]
[Black "Ovsiannikov, Maxim"]
[Result "1-0"]
[WhiteElo "2359"]
[BlackElo "2058"]
[PlyCount "129"]
[EventDate "2007.??.??"]

1. e4 e6 2. d4 d5 3. e5 c5 4. c3 Nc6 5. Nf3 Bd7 6. Be2 Nh6 7. a3 Qb6 8. b4 cxd4
9. cxd4 Nf5 10. Bb2 Rc8 11. O-O Na5 12. Nbd2 Nc4 13. Nxc4 dxc4 14. Rc1 a5 15.
Rxc4 Rxc4 16. Bxc4 axb4 17. Qb3 Be7 18. d5 exd5 19. Bxd5 O-O 20. axb4 Bc6 21.
Bc3 Bxd5 22. Qxd5 Ne3 23. Qd7 Nxf1 24. Qxe7 Ne3 25. Bd4 Nd5 26. Qxf8+ Kxf8 27.
Bxb6 Nxb6 28. Nd4 Ke7 29. g3 f6 30. exf6+ gxf6 31. Kg2 Nd5 32. Nc2 Kd6 33. Kf3
f5 34. h3 Ke5 35. Ke2 h5 36. f3 b5 37. Kd3 h4 38. gxh4 Nf4+ 39. Kd2 Nxh3 40. h5
Ng5 41. Ke2 Ne6 42. Ke3 Nf4 43. h6 Nd5+ 44. Kd3 Nf4+ 45. Kd2 Kf6 46. Ke3 Ne6
47. Na3 Nc7 48. Kd4 Na6 49. Nc2 Kg6 50. Ke5 f4 51. Kxf4 Kxh6 52. Ke5 Kg6 53. f4
Kf7 54. Kf5 Nc7 55. Ne3 Ne6 56. Ke5 Ke7 57. Nd5+ Kf7 58. Kd6 Nd4 59. Kc5 Nb3+
60. Kxb5 Ke6 61. Ne3 Nc1 62. f5+ Kd6 63. Ka6 Nd3 64. b5 Nc5+ 65. Ka7 1-0

[Event "Moscow Open 2007"]
[Site "Moscow"]
[Date "2007.01.31"]
[Round "5"]
[White "Bochkarev, Alexander"]
[Black "Pluzhnik, Mikhail"]
[Result "1/2-1/2"]
[WhiteElo "2434"]
[BlackElo "2198"]
[PlyCount "39"]
[EventDate "2007.??.??"]

1. e4 c5 2. Nf3 d6 3. d4 cxd4 4. Nxd4 Nf6 5. Nc3 e6 6. Be2 Be7 7. O-O Nc6 8.
Be3 O-O 9. f4 a6 10. Kh1 Qc7 11. a4 Nxd4 12. Qxd4 e5 13. Qd2 exf4 14. Bxf4 Be6
15. Rad1 Rad8 16. Qd4 Rd7 17. Rd2 Qc5 18. h3 Qxd4 19. Rxd4 d5 20. exd5 1/2-1/2